Стратегическое оружие будущего

Opis bibliograficzny
1. autor: Кардашев М. А. Михаил Арутюнович
Streszczenie:В книге представлено подробное описание баллистических ракет класса «воздух – земля» (БРВЗ). Впервые приводятся систематизированные данные о разработке БРВЗ в СССР, США и других странах. В том числе описываются проекты размещения баллистических ракет на модернизированных гражданских (Ту-144, Douglas DC-10), транспортных (Ан-22, Ан-124, Lockheed C-5A, Boeing-747) самолетах, стратегических бомбардировщиках (Ту-160, В-52) и летательных аппаратах других классов. Анализируются причины длительного запрета на создание и испытания БРВЗ. Обосновывается целесообразность развертывания работ по этому качественно новому виду мобильного базирования баллистических ракет. Выдвигается предложение о создании малоуязвимого ракетного комплекса с БРВЗ межконтинентальной дальности на основе специализированного авиационного носителя, обладающего высокой готовностью к взлету и большой стартовой тяговооруженностью.
Język:rosyjski
Wydane: Москва, Инфра-Инженерия, 2019
Hasła przedmiotowe:
Format: MixedMaterials Książka
KOHA link:https://koha.lib.tpu.ru/cgi-bin/koha/opac-detail.pl?biblionumber=343031

MARC

LEADER 00000nam0a2200000 4500
001 343031
005 20231102005520.0
010 |a 0895972901500 
035 |a (RuTPU)RU\TPU\book\372782 
090 |a 343031 
100 |a 20190619d2019 k y0rusy50 ca 
101 0 |a rus 
102 |a RU 
105 |a a z 001zy 
200 1 |a Стратегическое оружие будущего  |f М. А. Кардашев 
210 |a Москва  |c Инфра-Инженерия  |d 2019 
215 |a 314 с.  |c ил. 
320 |a Библиогр.: с. 300-311 
330 |a В книге представлено подробное описание баллистических ракет класса «воздух – земля» (БРВЗ). Впервые приводятся систематизированные данные о разработке БРВЗ в СССР, США и других странах. В том числе описываются проекты размещения баллистических ракет на модернизированных гражданских (Ту-144, Douglas DC-10), транспортных (Ан-22, Ан-124, Lockheed C-5A, Boeing-747) самолетах, стратегических бомбардировщиках (Ту-160, В-52) и летательных аппаратах других классов. Анализируются причины длительного запрета на создание и испытания БРВЗ. Обосновывается целесообразность развертывания работ по этому качественно новому виду мобильного базирования баллистических ракет. Выдвигается предложение о создании малоуязвимого ракетного комплекса с БРВЗ межконтинентальной дальности на основе специализированного авиационного носителя, обладающего высокой готовностью к взлету и большой стартовой тяговооруженностью. 
606 1 |a Ракеты  |x Баллистика  |2 stltpush  |3 (RuTPU)RU\TPU\subj\23753  |9 48288 
610 1 |a баллистические ракеты 
610 1 |a история 
610 1 |a ядерное оружие 
610 1 |a БРВЗ 
610 1 |a баллистические ракеты класса "воздух - земля" 
610 1 |a ракетные комплексы 
610 1 |a США 
610 1 |a Россия 
610 1 |a ПРО 
610 1 |a противовоздушная оборона 
610 1 |a размещение 
610 1 |a бомбардировщики 
610 1 |a самолеты 
610 1 |a разработки 
610 1 |a запрет 
675 |a 629.762  |v 4 
700 1 |a Кардашев  |b М. А.  |g Михаил Арутюнович 
801 1 |a RU  |b 63413507  |c 20190619 
801 2 |a RU  |b 63413507  |c 20190823  |g RCR 
942 |c BK